| 000 | 00851nam a22002297a 4500 | ||
|---|---|---|---|
| 008 | 081106t xxu||||| |||| 00| 0 eng d | ||
| 010 | _aENG-91522 | ||
| 020 |
_c250.00 _a9788180160837 |
||
| 020 |
_c250.00 _a8180160831 |
||
| 035 | _aEN-75055 | ||
| 037 | _bDBAD / PUB | ||
| 040 |
_adpl _bEnglish |
||
| 082 | _a005.43 | ||
| 100 | _aKumarkombaiya, A. | ||
| 245 |
_aOperating system / _cby A. Kumarkombaiya |
||
| 260 |
_aCoimbatore _bTeachers Publishing House _c2008 |
||
| 270 |
_a531, Avinashi Road, Peelamedu, _bCoimbatore _e641004 |
||
| 300 |
_a248p.: _c28cm (pbk) _bill. |
||
| 650 | _aOperating systems (Computers) | ||
| 942 |
_2ddc _cEN _mKUM _h005.43 |
||
| 999 |
_c18092 _d18092 |
||